00579nam a2200169Ia 4500008004100000100003100041245007600072245003100148260005900179260000900238300001100247650001800258650001500276856002600291999001900317952007300336170221s9999 xx 000 0 und d aHasan Gürkan Rengin Ozan aFeminist cinema as counter cinema: Is feminist cinema counter cinema?  cHasan Gürkan Rengin Ozan bOnline Journal of Communication and Media Technologies c2014 a34 : 7 xCommunication xMedia Arts uhttp://www.ojcmt.net/ c310829d310829 001040aCLbCLd2017-02-21l0r2017-02-21 00:00:00w2017-02-21yFOJ